000 00842nas a2200277 4500
001 BR0401515
003 BR-BrBNA
005 20231205104440.0
007 ta
008 230509b bl.|||p| |||| 00| 00por d
040 _aBR-BrBNA
_bpor
_cBiblioteca Nacional de Agricultura
041 _a(En)
072 _aF30
100 1 _aOliveira, R.P. de
100 1 _aAguilar-Vildoso, C.I.
100 1 _aMachado, M.A.
245 1 _aSelection processes in a citrus hybrid population using RAPD markers
650 _aFRUTA CÍTRICA
650 _aMARCADOR GENÉTICO
650 _aGENÉTICA VEGETAL
650 _aCROMOSSOMA
650 _aSEGREGAÇÃO
773 0 _tPesquisa Agropecuária Brasileira (Brazil)
_xISSN 0100-204X
_g(Nov 2003), v. 38(11) p. 1297-1302
_wBR0401515
909 _a202311
_bLúcia
_c55
_dLúcia Elande
942 _2AGRIS
_n0
_cANA
999 _c178199
_d178199